000 00441nmm a2200157Ia 4500
008 251105s9999||||xx |||||||||||||||||und||
020 _a9789562605250
041 _aspa
100 _aMonder, Samuel
245 0 _aLa invención del deseo
264 _a[Santiago de Chile, Chile] :
_bCuarto Propio,
_c2011
300 _a137 páginas
650 _aCultural Studies
856 _uhttps://public.digitaliapublishing.com/a/25304
942 _cCF
999 _c94235
_d94235